Statistics for Characters

Click here to take the quiz!

General Stats

  • This quiz has been taken 19 times
  • The average score is 10 of 13

Answer Stats

Answer% Correct
Snoopy
100%
Barbie
95%
Pikachu
95%
Thor
95%
Dracula
84%
Gandalf
84%
Iron man
84%
Hulk
79%
Snow White
74%
Buddy
58%
Legolas
47%
Tiana
42%
Gimli
32%

Score Distribution

Percentile by Number Answered

Percent of People with Each Score

Your Score History

You have not taken this quiz